[Event "South Wales International"]
[White "Petrov, Marian"]
[Black "Fathallah, Joe"]
[Site "Cardiff"]
[Round "1.2"]
[Annotator ""]
[Result "1-0"]
[Date "2017.07.08"]
[WhiteElo "2466"]
[BlackElo "1919"]
[PlyCount "59"]

1. e4 e6 2. d4 d5 3. e5 c5 4. c3 Nc6 5. Nf3 Bd7 6. Be2 Qb6 7. 0-0 Nge7 8. dxc5 Qc7 9. Nd4 Nxe5 10. f4 N5g6 11. b4 b6 12. Nb5 Bxb5 13. Bxb5+ Nc6 14. f5 Nge7 15. fxe6 fxe6 16. Qe2 e5 17. cxb6 axb6 18. Bg5 e4 19. Nd2 0-0-0 20. Nb3 Ne5 21. Nd4 Qd6 22. a4 h6 23. Be3 g6 24. a5 Nf5 25. Nxf5 gxf5 26. axb6 Ng4 27. Ra8+ Kb7 28. Ra7+ Kc8 29. Bd7+ Kb8 30. Ra8+ 1-0

[Event "South Wales International"]
[White "Whitehead, Mark A"]
[Black "Wells, Peter K"]
[Site "Cardiff"]
[Round "1.3"]
[Annotator ""]
[Result "0-1"]
[Date "2017.07.08"]
[WhiteElo "1917"]
[BlackElo "2434"]
[PlyCount "66"]

1. e4 c5 2. Nc3 Nc6 3. g3 g6 4. Bg2 Bg7 5. d3 d6 6. Nge2 e6 7. Be3 Nd4 8. 0-0 Ne7 9. Qd2 0-0 10. Nd1 e5 11. c3 Nxe2+ 12. Qxe2 Be6 13. f4 Rc8 14. Nf2 Qd7 15. Rfd1 f5 16. d4 cxd4 17. cxd4 exf4 18. Bxf4 fxe4 19. Bxe4 Nd5 20. Bg5 h6 21. Be3 Rce8 22. Re1 Qf7 23. Rad1 Nxe3 24. Qxe3 d5 25. Bg2 Bg4 26. Nxg4 Rxe3 27. Rxe3 Qf5 28. h3 h5 29. Rf3 Qg5 30. Rxf8+ Kxf8 31. Ne5 Qxg3 32. Rd3 Qe1+ 33. Kh2 Bxe5+ 0-1

[Event "South Wales International"]
[White "Arkell, Keith C"]
[Black "Thorpe, Thomas"]
[Site "Cardiff"]
[Round "1.4"]
[Annotator ""]
[Result "1-0"]
[Date "2017.07.08"]
[WhiteElo "2424"]
[BlackElo "1892"]
[PlyCount "79"]

1. Nf3 f5 2. d4 e6 3. g3 Nf6 4. Bg2 Be7 5. Bg5 Ne4 6. Bxe7 Qxe7 7. 0-0 0-0 8. Nbd2 d5 9. c4 c6 10. e3 Bd7 11. Rc1 Be8 12. cxd5 exd5 13. Ne5 Nd7 14. f4 Bh5 15. Qxh5 Nxd2 16. Rfd1 Ne4 17. Bxe4 fxe4 18. Rc3 a5 19. Rb3 Nf6 20. Qe2 a4 21. Ra3 Rfc8 22. Rc1 c5 23. Qc2 Nd7 24. Nxd7 Qxd7 25. dxc5 Ra5 26. Rc3 d4 27. exd4 Qxd4+ 28. Qf2 Qd5 29. Rc4 Rc6 30. b4 axb3 31. axb3 Rca6 32. Rd4 Qxb3 33. Rd8+ Kf7 34. Qd4 Re6 35. Rd7+ Ke8 36. Rxg7 Re7 37. Rxe7+ Kxe7 38. Re1 Ra2 39. Qxe4+ Kd7 40. Qe8+ 1-0

[Event "South Wales International"]
[White "Rudd, Jack"]
[Black "Dixon, Chris"]
[Site "Cardiff"]
[Round "1.6"]
[Annotator ""]
[Result "1-0"]
[Date "2017.07.08"]
[WhiteElo "2252"]
[BlackElo "1806"]
[PlyCount "121"]

1. d4 Nf6 2. c4 g6 3. Nc3 Bg7 4. e4 0-0 5. Be2 d6 6. Bg5 h6 7. Be3 Nbd7 8. g4 e5 9. d5 Nh7 10. Qd2 g5 11. h4 f6 12. f3 Rf7 13. Bd1 Ndf8 14. Qh2 Ng6 15. hxg5 fxg5 16. Bc2 Nh4 17. Qg3 Qf8 18. Ke2 a6 19. a4 Bd7 20. a5 Qe7 21. Rh2 Raf8 22. Rf2 Ng6 23. Kd2 Nf4 24. Ra3 Nf6 25. Rb3 Bc8 26. Nge2 Nd7 27. Nc1 Nc5 28. Ra3 Nd7 29. b4 b6 30. Nb3 Bb7 31. Rf1 Ng6 32. b5 Nh4 33. Bd1 Ra8 34. Be2 Nc5 35. Nxc5 bxc5 36. Bg1 Qf6 37. Qh3 Ng6 38. Bd1 Nf4 39. Qh2 Rff8 40. Bc2 Ng6 41. Ne2 Rfb8 42. Ng3 Bc8 43. Nh5 Qf7 44. Rb1 Nf4 45. Nxf4 exf4 46. e5 Bxe5 47. Qxh6 Qg7 48. Qh5 Kf8 49. Bg6 Bd7 50. Qxg5 axb5 51. cxb5 Rxb5 52. Rxb5 Bxb5 53. Rb3 Ba6 54. Qf5+ Qf6 55. Qh5 Ke7 56. Bf2 Kf8 57. Bh4 Qg7 58. Bg5 Kg8 59. Bf5 Bc8 60. Qe8+ Qf8 61. Bh7+ 1-0

[Event "South Wales International"]
[White "Sivarajasingam, Shayanna"]
[Black "Lauridsen, Jesper Morch"]
[Site "Cardiff"]
[Round "1.7"]
[Annotator ""]
[Result "0-1"]
[Date "2017.07.08"]
[WhiteElo "1774"]
[BlackElo "2247"]
[PlyCount "88"]

1. e4 c5 2. Nf3 Nc6 3. Bb5 d6 4. 0-0 Bd7 5. Re1 Nf6 6. c4 g6 7. Nc3 Bg7 8. d4 Nxd4 9. Nxd4 cxd4 10. Qxd4 0-0 11. Qd3 Rc8 12. f3 a6 13. Bxd7 Nxd7 14. f4 Qa5 15. Re3 Qc5 16. Kh1 Qxc4 17. Qxc4 Rxc4 18. Bd2 Nc5 19. Rae1 Bd4 20. Rf3 Bxc3 21. Bxc3 Nxe4 22. Rfe3 Nxc3 23. bxc3 e6 24. g3 Rfc8 25. Rb1 Rxc3 26. Rxc3 Rxc3 27. Rxb7 Rc1+ 28. Kg2 Rc2+ 29. Kf3 Rxa2 30. h4 Ra3+ 31. Kf2 h5 32. Rb6 d5 33. Rd6 Kg7 34. Kg2 Kf6 35. Kf2 a5 36. Rb6 a4 37. Ra6 Kf5 38. Ra7 f6 39. Ra5 Ke4 40. Ra6 Ra2+ 41. Ke1 Kf5 42. Kf1 a3 43. Kg1 Kg4 44. Rxe6 Rb2 0-1

[Event "South Wales International"]
[White "Ledger, Dave J"]
[Black "Thomas, Roy"]
[Site "Cardiff"]
[Round "1.8"]
[Annotator ""]
[Result "1-0"]
[Date "2017.07.08"]
[WhiteElo "2218"]
[BlackElo "1742"]
[PlyCount "67"]

1. e4 c5 2. Nf3 Nc6 3. d4 cxd4 4. Nxd4 e5 5. Nb5 d6 6. a4 Be7 7. N1c3 a6 8. Na3 Be6 9. Nc4 Nf6 10. Be3 d5 11. exd5 Nxd5 12. Nxd5 Qxd5 13. Qxd5 Bxd5 14. 0-0-0 Rd8 15. Bb6 Rd7 16. Ne3 Bg5 17. h4 Bf4 18. Kb1 Bxe3 19. Bxe3 0-0 20. b3 Be6 21. Rxd7 Bxd7 22. Bc4 Na5 23. Bd5 Bc6 24. Rd1 Rc8 25. Bb6 Bxd5 26. Rxd5 Nc6 27. Rd7 Nb4 28. c3 Nc6 29. Rxb7 f5 30. Kb2 g6 31. b4 e4 32. Rc7 Rxc7 33. Bxc7 Kf7 34. b5 1-0

[Event "South Wales International"]
[White "Jukes, Sam"]
[Black "Kett, Tim"]
[Site "Cardiff"]
[Round "1.9"]
[Annotator ""]
[Result "0-1"]
[Date "2017.07.08"]
[WhiteElo "1730"]
[BlackElo "2208"]
[PlyCount "58"]

1. e4 c5 2. Nf3 Nc6 3. d4 cxd4 4. Nxd4 Nf6 5. Nc3 d6 6. Be3 e6 7. Nxc6 bxc6 8. e5 dxe5 9. Qxd8+ Kxd8 10. Bg5 Kc7 11. Bxf6 gxf6 12. 0-0-0 Bb7 13. Bd3 f5 14. f3 Rg8 15. g3 a6 16. a3 c5 17. Rhf1 h5 18. Kb1 Rd8 19. Be2 Rxd1+ 20. Nxd1 f4 21. gxf4 exf4 22. c4 f5 23. Kc2 Bd6 24. Kd2 h4 25. Ke1 Be5 26. b3 Bd4 27. Nf2 Rg2 28. h3 Rg3 29. Nd3 e5 0-1

[Event "South Wales International"]
[White "Marusenko, Petr"]
[Black "Williams, Ron"]
[Site "Cardiff"]
[Round "1.10"]
[Annotator ""]
[Result "1-0"]
[Date "2017.07.08"]
[WhiteElo "2162"]
[BlackElo "1704"]
[PlyCount "71"]

1. d4 e6 2. c4 f5 3. Nf3 Nf6 4. g3 Be7 5. Bg2 0-0 6. 0-0 d6 7. Nc3 a5 8. Re1 Ne4 9. Qc2 d5 10. Bf4 c6 11. a3 g5 12. Be5 Nd7 13. Red1 g4 14. Ne1 Nxe5 15. dxe5 Qe8 16. Nd3 Qg6 17. Na4 b5 18. cxb5 cxb5 19. Nb6 Rb8 20. Qc7 Rb7 21. Qc6 Qe8 22. Rac1 Qxc6 23. Rxc6 Rb8 24. Nxc8 Rfxc8 25. Rxe6 Kf7 26. Rh6 Kg7 27. Ra6 a4 28. Ra7 Kf8 29. Bxe4 dxe4 30. Nf4 Rd8 31. Ne6+ Ke8 32. Nxd8 Rxd8 33. Rxd8+ Kxd8 34. Rb7 Bc5 35. Rxb5 Bd4 36. Rd5+ 1-0

[Event "South Wales International"]
[White "Pleasants, Allan J"]
[Black "Jeanes, Andrew"]
[Site "Cardiff"]
[Round "1.12"]
[Annotator ""]
[Result "1-0"]
[Date "2017.07.08"]
[WhiteElo "2103"]
[BlackElo "1622"]
[PlyCount "63"]

1. Nf3 Nf6 2. g3 e6 3. Bg2 d5 4. c4 c6 5. Qc2 Be7 6. 0-0 0-0 7. d3 d4 8. Nbd2 c5 9. b4 cxb4 10. a3 bxa3 11. Bxa3 Nc6 12. Qb2 Bxa3 13. Qxa3 Qc7 14. Rfb1 Rb8 15. Ng5 h6 16. Nge4 Nxe4 17. Nxe4 b6 18. Nd6 a5 19. Nb5 Qd7 20. Bxc6 Qxc6 21. Nxd4 Qd7 22. Qc3 Ba6 23. Nb5 Bxb5 24. Rxb5 Rfc8 25. Qe5 f6 26. Qe3 Qd6 27. Rab1 e5 28. Rxb6 Rxb6 29. Rxb6 Qa3 30. Qe4 Qc5 31. Rb5 Qc7 32. Qd5+ 1-0

[Event "South Wales International"]
[White "Menadue, Jeremy F S"]
[Black "Hurn, Robert Aj"]
[Site "Cardiff"]
[Round "1.14"]
[Annotator ""]
[Result "1-0"]
[Date "2017.07.08"]
[WhiteElo "2046"]
[BlackElo "1594"]
[PlyCount "45"]

1. d4 Nf6 2. c4 e6 3. Nc3 Bb4 4. Nf3 c5 5. g3 Bxc3+ 6. bxc3 Qa5 7. Qd3 d6 8. Bg2 Nbd7 9. 0-0 0-0 10. Bf4 Qc7 11. dxc5 Qa5 12. Bxd6 Re8 13. Qd4 Nf8 14. e4 Ng6 15. e5 Nd7 16. Nd2 Ne7 17. Nb3 Qa4 18. Bxe7 Rxe7 19. Qd6 Re8 20. c6 Rb8 21. cxd7 Qxd7 22. Qxb8 b6 23. Qd6 1-0

[Event "South Wales International"]
[White "Jyothilal, N."]
[Black "Jaberansari, Daniel"]
[Site "Cardiff"]
[Round "1.18"]
[Annotator ""]
[Result "1-0"]
[Date "2017.07.08"]
[WhiteElo "1982"]
[BlackElo "1387"]
[PlyCount "55"]

1. d4 Nf6 2. c4 g6 3. Nc3 Bg7 4. e4 d6 5. f3 0-0 6. Be3 e5 7. d5 Ne8 8. Qd2 f5 9. 0-0-0 Na6 10. Bd3 Nc5 11. Bc2 b6 12. Nge2 Rb8 13. exf5 Bxf5 14. Ne4 Qc8 15. N2c3 Qa6 16. Qe2 Kh8 17. g4 Bd7 18. h4 Na4 19. h5 gxh5 20. Rxh5 b5 21. Rxh7+ Kg8 22. Nxa4 bxa4 23. Rdh1 Qb7 24. Bb1 a3 25. b3 a5 26. Ng5 a4 27. Qh2 Nf6 28. Rh8+ 1-0

[Event "South Wales International"]
[White "Chong, Kimberly"]
[Black "Waterfield, John W"]
[Site "Cardiff"]
[Round "1.19"]
[Annotator ""]
[Result "1/2-1/2"]
[Date "2017.07.08"]
[WhiteElo "1356"]
[BlackElo "1967"]
[PlyCount "60"]

1. e4 c5 2. c3 g6 3. Nf3 Bg7 4. Bc4 Nc6 5. d4 cxd4 6. cxd4 Qb6 7. 0-0 Nxd4 8. Be3 Nxf3+ 9. Qxf3 Qf6 10. Nd2 Qxf3 11. Nxf3 Nf6 12. e5 Ng4 13. Bd4 h5 14. e6 Bxd4 15. exf7+ Kf8 16. Nxd4 Ne5 17. Rac1 Nxf7 18. Bxf7 Kxf7 19. Rc7 d6 20. Re1 Re8 21. Nb5 Kf8 22. Rc3 Rd8 23. Rf3+ Kg8 24. Rxe7 Bf5 25. h3 Rd7 26. Rxd7 Bxd7 27. Nxd6 Bc6 28. Rf6 Kg7 29. Rf7+ Kg8 30. Rf6 Kg7 1/2-1/2

[Event "South Wales International"]
[White "Cheung, Ryan"]
[Black "Davis, Lee"]
[Site "Cardiff"]
[Round "1.21"]
[Annotator ""]
[Result "0-1"]
[Date "2017.07.08"]
[WhiteElo "1318"]
[BlackElo "1952"]
[PlyCount "96"]

1. d4 e6 2. c4 Nf6 3. Nf3 b6 4. g3 Bb7 5. Bg2 Be7 6. 0-0 0-0 7. Nc3 Ne4 8. Qc2 Nxc3 9. Qxc3 Bf6 10. e3 d6 11. Bd2 Nd7 12. Rad1 Qe7 13. Rfe1 a5 14. e4 e5 15. d5 Nc5 16. Qc2 Bc8 17. Rf1 Bg4 18. Rde1 Bd7 19. Bc1 b5 20. b3 Rfb8 21. Ba3 b4 22. Bc1 a4 23. Be3 axb3 24. axb3 Ra3 25. Bxc5 dxc5 26. Nd2 Rba8 27. Rb1 Qd6 28. f4 exf4 29. gxf4 Bd4+ 30. Kh1 Qg6 31. Nf3 Ra2 32. Nxd4 Rxc2 33. Nxc2 Ra2 34. Ne3 h5 35. Ra1 Rxg2 36. Nxg2 Qxe4 37. Rfe1 Qg6 38. Rg1 Bh3 39. Rae1 Qg4 40. Re7 Bxg2+ 41. Rxg2 Qxf4 42. h3 Qf3 43. Rxc7 Qxh3+ 44. Kg1 Qe3+ 45. Kh1 Qe1+ 46. Rg1 Qh4+ 47. Kg2 Qg4+ 48. Kf1 Qf4+ 0-1

[Event "South Wales International"]
[White "Taylor, Robert Graham"]
[Black "O`rourke, Kevin"]
[Site "Cardiff"]
[Round "1.22"]
[Annotator ""]
[Result "1-0"]
[Date "2017.07.08"]
[WhiteElo "1944"]
[BlackElo "1296"]
[PlyCount "75"]

1. d4 d5 2. c4 dxc4 3. Nf3 h6 4. e3 Be6 5. a4 Nf6 6. Ne5 Nbd7 7. Nxc4 Nb6 8. Nxb6 axb6 9. Nc3 c6 10. Bd3 b5 11. 0-0 b4 12. Ne2 b5 13. Bd2 Bc4 14. Bxc4 bxc4 15. Bxb4 Nd5 16. Bc5 Nc7 17. Qc2 Na6 18. Ba3 e6 19. Bxf8 Kxf8 20. Qxc4 Nc7 21. Qxc6 Nd5 22. Rfc1 Kg8 23. Nc3 Rc8 24. Qa6 Nb4 25. Qb5 Rb8 26. Qc4 Qg5 27. Nb5 Nd5 28. Qd3 h5 29. Rc5 f5 30. Nc3 Nf6 31. e4 Nxe4 32. Nxe4 fxe4 33. Qxe4 Qf6 34. Re1 Rf8 35. f3 g6 36. Rc7 Rd8 37. Qe5 Qf5 38. Qg7# 1-0

[Event "South Wales International"]
[White "Jaberansari, Benjamin"]
[Black "Bevan, Peter M"]
[Site "Cardiff"]
[Round "1.23"]
[Annotator ""]
[Result "0-1"]
[Date "2017.07.08"]
[WhiteElo "921"]
[BlackElo "1933"]
[PlyCount "76"]

1. e4 c6 2. Nf3 d5 3. Nc3 Bg4 4. Be2 Nf6 5. e5 Nfd7 6. d4 e6 7. 0-0 c5 8. Be3 Nc6 9. Bb5 Bxf3 10. Qxf3 cxd4 11. Bxc6 bxc6 12. Bxd4 c5 13. Be3 d4 14. Bxd4 cxd4 15. Ne2 Bc5 16. Rad1 Nxe5 17. Qe4 Qd5 18. Qxd5 exd5 19. Nxd4 0-0 20. Rfe1 Ng4 21. h3 Nf6 22. Kh2 Rfe8 23. Rxe8+ Rxe8 24. Kg3 Bxd4 25. Rxd4 Re2 26. Rb4 h6 27. c4 dxc4 28. Rxc4 Rxb2 29. a4 a5 30. Rc5 Ne4+ 31. Kf3 Nxc5 32. g4 Nxa4 33. Kg3 Nc5 34. f4 a4 35. h4 Rb3+ 36. Kg2 a3 37. Kf2 a2 38. Ke2 a1=Q 0-1

[Event "South Wales International"]
[White "Chatalbashev, Boris"]
[Black "Pleasants, Allan J"]
[Site "Cardiff"]
[Round "2.1"]
[Annotator ""]
[Result "1-0"]
[Date "2017.07.08"]
[WhiteElo "2552"]
[BlackElo "2103"]
[PlyCount "53"]

1. d4 g6 2. e4 d6 3. Nc3 Bg7 4. Be3 Nc6 5. Nf3 Bg4 6. Bb5 a6 7. Bxc6+ bxc6 8. h3 Bxf3 9. Qxf3 e5 10. d5 c5 11. g4 Ne7 12. 0-0-0 Qd7 13. Qe2 Rb8 14. h4 h5 15. gxh5 Rxh5 16. Qxa6 Bf6 17. Bxc5 Bxh4 18. Be3 f5 19. f4 exf4 20. Bxf4 fxe4 21. Nxe4 Qf5 22. Qa4+ Kd8 23. Rhf1 Bf6 24. c3 Rh4 25. Nxf6 Qxf6 26. Qa7 Kc8 27. Bxd6 1-0

[Event "South Wales International"]
[White "Wells, Peter K"]
[Black "Menadue, Jeremy F S"]
[Site "Cardiff"]
[Round "2.3"]
[Annotator ""]
[Result "1-0"]
[Date "2017.07.08"]
[WhiteElo "2434"]
[BlackElo "2046"]
[PlyCount "105"]

1. d4 d5 2. c4 c6 3. Nc3 Nf6 4. e3 g6 5. Nf3 Bg7 6. Be2 0-0 7. 0-0 a6 8. a4 a5 9. b3 Bg4 10. Ba3 Re8 11. cxd5 Bxf3 12. Bxf3 cxd5 13. b4 axb4 14. Bxb4 Nc6 15. Bc5 b6 16. Ba3 Rc8 17. Rc1 e6 18. Be2 Bf8 19. Bxf8 Rxf8 20. Ba6 Rb8 21. Ne2 Ne7 22. Nf4 Ne8 23. Qb3 Nd6 24. Nd3 Ra8 25. Bb5 Ne4 26. Qb2 f6 27. f3 Nd6 28. Nf4 Kf7 29. e4 g5 30. Ne2 Kg7 31. Ng3 Kh8 32. Rfe1 Nxb5 33. axb5 Ng6 34. Nh5 Rc8 35. Qb4 Qd7 36. e5 fxe5 37. dxe5 Rxc1 38. Rxc1 Rc8 39. Re1 Qe7 40. Qd6 Qxd6 41. exd6 e5 42. Nf6 Kg7 43. Nxd5 Rd8 44. Ne3 Kf6 45. Nc4 Ke6 46. Rd1 Nf4 47. Kf2 Nd5 48. Re1 Nf4 49. Rxe5+ Kf6 50. Re3 Nd5 51. Rd3 Ke6 52. g3 Rc8 53. Rxd5 1-0

[Event "South Wales International"]
[White "Hewitt, William"]
[Black "Arkell, Keith C"]
[Site "Cardiff"]
[Round "2.4"]
[Annotator ""]
[Result "0-1"]
[Date "2017.07.08"]
[WhiteElo "2018"]
[BlackElo "2424"]
[PlyCount "76"]

1. e4 c6 2. d4 d5 3. Nd2 dxe4 4. Nxe4 Nd7 5. Ng5 Ngf6 6. Bd3 Nb6 7. N1f3 h6 8. Ne4 Nxe4 9. Bxe4 g6 10. 0-0 Bg4 11. h3 Bxf3 12. Bxf3 Bg7 13. c3 0-0 14. Re1 e6 15. a4 Nd5 16. a5 b5 17. axb6 axb6 18. Rxa8 Qxa8 19. Qb3 Qa5 20. Rd1 b5 21. Bd2 Qa6 22. Be2 Ra8 23. Rc1 Qa5 24. Bf3 h5 25. Qc2 Qa2 26. Be4 Kh7 27. g4 hxg4 28. hxg4 b4 29. cxb4 Bxd4 30. Qxc6 Bxb2 31. Rd1 Rd8 32. Qc2 Qa3 33. Rb1 Be5 34. Kg2 Kg7 35. Rh1 Nf4+ 36. Bxf4 Bxf4 37. b5 Rd2 38. Qc8 Qg3+ 0-1

[Event "South Wales International"]
[White "Jyothilal, N."]
[Black "Rudd, Jack"]
[Site "Cardiff"]
[Round "2.6"]
[Annotator ""]
[Result "1-0"]
[Date "2017.07.08"]
[WhiteElo "1982"]
[BlackElo "2252"]
[PlyCount "77"]

1. d4 d6 2. c4 e5 3. d5 f5 4. Nc3 Nf6 5. g3 g6 6. Bg2 Bg7 7. Nh3 0-0 8. 0-0 Nh5 9. Ng5 Na6 10. Rb1 Nc5 11. b4 h6 12. bxc5 hxg5 13. cxd6 cxd6 14. Ba3 Rf7 15. c5 dxc5 16. Bxc5 e4 17. Nb5 b6 18. Ba3 Nf6 19. d6 f4 20. Qb3 Bg4 21. f3 Bf5 22. Rbc1 e3 23. Rfd1 Bd7 24. Nc7 Rc8 25. gxf4 gxf4 26. Ne6 Bxe6 27. Qxe6 Rxc1 28. Rxc1 Nd7 29. Bh3 Qh4 30. Qe8+ Rf8 31. Qxd7 Qf2+ 32. Kh1 Qxe2 33. Qe6+ Kh7 34. d7 Qd2 35. Qd6 Qf2 36. Rf1 Qh4 37. Qe6 Rg8 38. Be7 Qh5 39. Qxg8+ 1-0

[Event "South Wales International"]
[White "Davis, Lee"]
[Black "Ledger, Dave J"]
[Site "Cardiff"]
[Round "2.8"]
[Annotator ""]
[Result "0-1"]
[Date "2017.07.08"]
[WhiteElo "1952"]
[BlackElo "2218"]
[PlyCount "110"]

1. d4 Nf6 2. g3 g6 3. Bg2 Bg7 4. Nf3 0-0 5. 0-0 d6 6. c4 Nbd7 7. Nc3 e5 8. e4 exd4 9. Nxd4 Ne5 10. b3 Bg4 11. f3 Bd7 12. Be3 a6 13. Qd2 Re8 14. Rad1 Qc8 15. Kh1 Bh3 16. Nd5 Bxg2+ 17. Kxg2 Nc6 18. Nxf6+ Bxf6 19. Nxc6 bxc6 20. Bd4 Bxd4 21. Qxd4 c5 22. Qc3 a5 23. Rd5 Qb7 24. e5 Qb4 25. Qxb4 axb4 26. exd6 Re2+ 27. Rf2 Rxf2+ 28. Kxf2 Rxa2+ 29. Ke3 cxd6 30. Rxd6 Rxh2 31. Kf4 Rb2 32. Rd5 Rxb3 33. Rxc5 Rc3 34. Rc8+ Kg7 35. c5 b3 36. Rb8 g5+ 37. Ke4 Rxc5 38. Rxb3 f6 39. Ke3 Rc2 40. Ra3 h5 41. f4 g4 42. Ke4 Kg6 43. Kd3 Rh2 44. Ke4 Rh3 45. f5+ Kg5 46. Ra8 Rxg3 47. Rg8+ Kh4 48. Rg6 Ra3 49. Rxf6 g3 50. Rg6 Kh3 51. f6 Ra1 52. Rg5 Re1+ 53. Kf5 h4 54. Kg6 g2 55. f7 Rf1 0-1

[Event "South Wales International"]
[White "Bevan, Peter M"]
[Black "Marusenko, Petr"]
[Site "Cardiff"]
[Round "2.9"]
[Annotator ""]
[Result "1-0"]
[Date "2017.07.08"]
[WhiteElo "1933"]
[BlackElo "2162"]
[PlyCount "46"]

1. c4 f5 2. g3 Nf6 3. Nc3 g6 4. Bg2 Bg7 5. d3 0-0 6. e4 e5 7. Nge2 d6 8. 0-0 Nc6 9. h3 Be6 10. exf5 Bxf5 11. g4 Be6 12. Ng3 Qd7 13. Bg5 Rae8 14. Qd2 Nd4 15. Rae1 c6 16. Nce2 c5 17. Nxd4 cxd4 18. b3 Qc7 19. f4 exf4 20. Bxf4 Kh8 21. Qb4 Rf7 22. Qxd6 Qxd6 23. Bxd6 Bc8 1-0

[Event "South Wales International"]
[White "Rysbayeva, Aigerim"]
[Black "Taylor, Robert Graham"]
[Site "Cardiff"]
[Round "2.10"]
[Annotator ""]
[Result "1-0"]
[Date "2017.07.08"]
[WhiteElo "2157"]
[BlackElo "1944"]
[PlyCount "69"]

1. e4 c5 2. Nf3 Nc6 3. d4 cxd4 4. Nxd4 e6 5. Be2 Qc7 6. Nc3 a6 7. 0-0 b5 8. Be3 Bb7 9. Nxc6 Bxc6 10. Bf3 Nf6 11. Bd4 e5 12. Be3 Be7 13. Nd5 Bxd5 14. exd5 d6 15. c3 0-0 16. a4 e4 17. Be2 Qb7 18. axb5 axb5 19. Qb3 Qxd5 20. Qxb5 Rab8 21. Qxd5 Nxd5 22. Bc1 Bd8 23. Rd1 Nf6 24. Rxd6 Rb6 25. Rxb6 Bxb6 26. Ra6 Bc7 27. g3 h5 28. c4 Rb8 29. c5 h4 30. Kg2 hxg3 31. hxg3 Nd5 32. Bc4 Nb4 33. Ra7 Be5 34. Rxf7 Kh8 35. Rf5 1-0

[Event "South Wales International"]
[White "Brown, Thomas"]
[Black "Sivarajasingam, Venetia"]
[Site "Cardiff"]
[Round "2.11"]
[Annotator ""]
[Result "1-0"]
[Date "2017.07.08"]
[WhiteElo "2063"]
[BlackElo "1710"]
[PlyCount "57"]

1. d4 d5 2. c4 e6 3. Nc3 Be7 4. Nf3 Nf6 5. Bf4 0-0 6. e3 Nbd7 7. a3 dxc4 8. Bxc4 c5 9. dxc5 Nxc5 10. 0-0 b6 11. Qe2 Bb7 12. Rfd1 Qc8 13. Rac1 Nh5 14. Be5 Nd7 15. Bb5 Bxf3 16. Qxf3 Nxe5 17. Qxh5 f6 18. Nd5 exd5 19. Rxc8 Raxc8 20. Qf5 Rc7 21. h4 Kh8 22. h5 Rc5 23. Ba4 b5 24. Bc2 g6 25. hxg6 hxg6 26. Qe6 Bd8 27. Qd6 Nd7 28. Bxg6 Rc7 29. Qh2+ 1-0

[Event "South Wales International"]
[White "Fathallah, Joe"]
[Black "Chong, Kimberly"]
[Site "Cardiff"]
[Round "2.14"]
[Annotator ""]
[Result "1-0"]
[Date "2017.07.08"]
[WhiteElo "1919"]
[BlackElo "1356"]
[PlyCount "67"]

1. d4 d5 2. c4 e6 3. Nc3 Nf6 4. cxd5 exd5 5. Bg5 Be7 6. e3 0-0 7. Bd3 Ne4 8. Bxe7 Qxe7 9. Nxd5 Qd6 10. Bxe4 c6 11. Nc3 f5 12. Bf3 Nd7 13. Nge2 Nf6 14. 0-0 Ng4 15. Bxg4 fxg4 16. Ng3 Bd7 17. Qd2 Rae8 18. e4 c5 19. Rad1 cxd4 20. Qxd4 Qxd4 21. Rxd4 Bc6 22. f3 gxf3 23. Rxf3 Rxf3 24. gxf3 Re5 25. Kf2 Kf8 26. Ke2 Be8 27. Ke3 h5 28. f4 Re7 29. Nf5 Rc7 30. Rd8 Kf7 31. Nd6+ Ke7 32. Rxe8+ Kxd6 33. Nb5+ Kd7 34. Nxc7 1-0

[Event "South Wales International"]
[White "Ray, Hiya"]
[Black "Whitehead, Mark A"]
[Site "Cardiff"]
[Round "2.16"]
[Annotator ""]
[Result "1/2-1/2"]
[Date "2017.07.08"]
[WhiteElo "1523"]
[BlackElo "1917"]
[PlyCount "47"]

1. d4 Nf6 2. c4 e6 3. Nf3 Bb4+ 4. Bd2 Qe7 5. Nc3 Bxc3 6. Bxc3 Ne4 7. Qc2 f5 8. g3 Nc6 9. Bg2 0-0 10. 0-0 Nxc3 11. Qxc3 d6 12. d5 Nd8 13. dxe6 Bxe6 14. Nd4 Bd7 15. e3 Nc6 16. Nb5 Be8 17. Rfe1 a6 18. Nd4 Rb8 19. Rac1 Ne5 20. f4 Nc6 21. e4 Nxd4 22. Qxd4 fxe4 23. Bxe4 Qf6 24. Qd3 1/2-1/2

[Event "South Wales International"]
[White "Dixon, Chris"]
[Black "Orton, Paul"]
[Site "Cardiff"]
[Round "2.19"]
[Annotator ""]
[Result "1-0"]
[Date "2017.07.08"]
[WhiteElo "1806"]
[BlackElo "1615"]
[PlyCount "131"]

1. e4 c5 2. Nc3 e6 3. g3 g6 4. Bg2 Bg7 5. d3 a6 6. f4 Nc6 7. Nf3 Nge7 8. 0-0 b5 9. e5 Bb7 10. Ne4 0-0 11. Nxc5 Bc8 12. Ne4 Qb6+ 13. Kh1 Nf5 14. Qe2 Bb7 15. g4 Nfe7 16. Be3 Qc7 17. Bc5 Rfd8 18. Qf2 Nc8 19. g5 N6e7 20. Bd6 Qc6 21. Nd4 Qb6 22. Bc5 Qc7 23. b4 Nf5 24. Nxf5 exf5 25. Nd6 Bxg2+ 26. Qxg2 Qc6 27. Qxc6 dxc6 28. Nxc8 Raxc8 29. a4 Bf8 30. Bxf8 Kxf8 31. axb5 axb5 32. Rad1 Rd4 33. Rb1 Ke7 34. Kg2 Ke6 35. Kf3 Rcd8 36. Ke3 R8d7 37. Rfd1 Rd8 38. c3 R4d5 39. Ra1 R8d7 40. Ra6 Rc7 41. d4 Rdd7 42. Rda1 Kd5 43. Kd3 Rc8 44. R1a5 h5 45. c4+ Ke6 46. d5+ Ke7 47. d6+ Ke6 48. c5 Kd5 49. Ra7 Rcd8 50. Ra8 Rxa8 51. Rxa8 Rb7 52. Re8 Ra7 53. Re7 Ra3+ 54. Kc2 Kc4 55. d7 Ra2+ 56. Kd1 Ra1+ 57. Ke2 Ra2+ 58. Ke3 Ra3+ 59. Kf2 Rd3 60. Rxf7 Rd2+ 61. Kg3 h4+ 62. Kxh4 Rxh2+ 63. Kg3 Rd2 64. e6 Rd3+ 65. Kh4 Rd1 66. e7 1-0

[Event "South Wales International"]
[White "Chung, Ethan Cheung Jing"]
[Black "Sivarajasingam, Shayanna"]
[Site "Cardiff"]
[Round "2.20"]
[Annotator ""]
[Result "0-1"]
[Date "2017.07.08"]
[WhiteElo "1348"]
[BlackElo "1774"]
[PlyCount "78"]

1. e4 e6 2. d4 d5 3. exd5 exd5 4. c4 Nc6 5. Nc3 Bb4 6. Nf3 Nf6 7. Bg5 Qe7+ 8. Qe2 Qxe2+ 9. Bxe2 Ne4 10. cxd5 Nxd4 11. Nxd4 Nxg5 12. 0-0 h6 13. Ndb5 Kd8 14. f4 Nh7 15. a3 Bc5+ 16. Kh1 a6 17. Ne4 Bb6 18. Nbc3 Re8 19. d6 f5 20. dxc7+ Bxc7 21. Rfd1+ Bd7 22. Nc5 Nf6 23. Nxb7+ Kc8 24. Nc5 a5 25. Ba6+ Kd8 26. Bb5 Re7 27. Bc6 Rb8 28. Nb5 Bb6 29. Nb7+ Ke8 30. N7d6+ Kf8 31. Bxd7 Rxd7 32. Nxf5 Rbd8 33. Rd6 Bc5 34. Rxd7 Rxd7 35. h3 Rd2 36. Rc1 Ne4 37. Rc4 Rd1+ 38. Kh2 Bg1+ 39. Kh1 Nf2# 0-1

[Event "South Wales International"]
[White "Thomas, Roy"]
[Black "Cheung, Ryan"]
[Site "Cardiff"]
[Round "2.21"]
[Annotator ""]
[Result "0-1"]
[Date "2017.07.08"]
[WhiteElo "1742"]
[BlackElo "1318"]
[PlyCount "64"]

1. f4 d5 2. e3 e6 3. Nf3 Nf6 4. Be2 c5 5. 0-0 Be7 6. d3 0-0 7. Nc3 Nc6 8. Qe1 b6 9. Bd2 d4 10. Ne4 dxe3 11. Bxe3 Nd5 12. Bd2 Qc7 13. Qg3 Nd4 14. Nxd4 cxd4 15. Rac1 Bb7 16. c3 dxc3 17. Nxc3 Qd7 18. Nxd5 Bxd5 19. Bc3 f6 20. Bf3 Rac8 21. a3 Rfd8 22. Be4 Bxe4 23. dxe4 Qd3 24. Qg4 Kf7 25. f5 e5 26. Rf3 Bc5+ 27. Kh1 Qd1+ 28. Be1 Qxc1 29. Qh5+ Kg8 30. Qh4 Rd1 31. Rf1 Qxb2 32. Qg4 Qf2 0-1

[Event "South Wales International"]
[White "O`rourke, Kevin"]
[Black "Jukes, Sam"]
[Site "Cardiff"]
[Round "2.22"]
[Annotator ""]
[Result "0-1"]
[Date "2017.07.08"]
[WhiteElo "1296"]
[BlackElo "1730"]
[PlyCount "94"]

1. e4 e5 2. Nf3 Nc6 3. d4 exd4 4. Nxd4 Bc5 5. Nf5 Qf6 6. Nc3 Nge7 7. Nd5 Nxd5 8. Qxd5 d6 9. Bd3 Be6 10. e5 Qxf5 11. Qxc6+ bxc6 12. Bxf5 Bxf5 13. exd6 cxd6 14. Bf4 Bxc2 15. Rc1 Bf5 16. 0-0 0-0 17. a3 a5 18. b4 axb4 19. axb4 Bxb4 20. Rxc6 Rfd8 21. h3 h6 22. Rfc1 Rac8 23. g4 Bd7 24. R6c4 Rxc4 25. Rxc4 Bc5 26. g5 hxg5 27. Bxg5 f6 28. Be3 Bxe3 29. fxe3 Bxh3 30. Kf2 Be6 31. Rf4 d5 32. Kg3 Kf7 33. Rd4 g5 34. Kf3 Kg6 35. Kg3 Rd7 36. Kf3 Kf5 37. Ra4 Bf7 38. Rd4 Re7 39. Rb4 g4+ 40. Ke2 Ke5 41. Kf2 f5 42. Kg3 Be6 43. Rd4 Rf7 44. Rb4 Rh7 45. Rb3 Rh3+ 46. Kg2 Ke4 47. Kf2 d4 0-1